University Home | Library Home | Institutional Repository

The zoology of tapeworms, (Record no. 134077)

MARC details
000 -LEADER
fixed length control field 00818cam8a220025300 4500
001 - CONTROL NUMBER
control field lce00647289
008 - FIXED-LENGTH DATA ELEMENTS--GENERAL INFORMATION
fixed length control field 701012c19681952nyuac b 000 0 eng
010 ## - LIBRARY OF CONGRESS CONTROL NUMBER
LC control number 68022118
020 ## - INTERNATIONAL STANDARD BOOK NUMBER
Terms of availability 18.50
035 ## - SYSTEM CONTROL NUMBER
System control number (Sirsi) r94729
035 ## - SYSTEM CONTROL NUMBER
System control number (DLC) 68022118
035 ## - SYSTEM CONTROL NUMBER
System control number (UPRA)lce00647289
050 0# - LIBRARY OF CONGRESS CALL NUMBER
Classification number QL391.C4
Item number W28 1968
082 ## - DEWEY DECIMAL CLASSIFICATION NUMBER
Classification number 595/.121
100 1# - MAIN ENTRY--PERSONAL NAME
Personal name Wardle, Robert Arnold, 1890-
Dates associated with a name Wardle, Robert Arnold, 1890-
Linkage A53389.1
245 14 - TITLE STATEMENT
Title The zoology of tapeworms,
Statement of responsibility, etc. by Robert A. Wardle and James Archie McLeod.
260 ## - PUBLICATION, DISTRIBUTION, ETC.
Place of publication, distribution, etc. New York,
Name of publisher, distributor, etc. Hafner Pub. Co.,
Date of publication, distribution, etc. 1968 [c1952]
500 ## - GENERAL NOTE
General note First published in 1952.
504 ## - BIBLIOGRAPHY, ETC. NOTE
Bibliography, etc. note Bibliography: p. 669-773.
650 #0 - SUBJECT ADDED ENTRY--TOPICAL TERM
Topical term or geographic name entry element Cestoda.
Linkage S10480.1
700 1# - ADDED ENTRY--PERSONAL NAME
Personal name McLeod, James Archie.
Linkage A53390.1
949 ## - LOCAL PROCESSING INFORMATION (OCLC)
a QL391.C4
w lcc
i -133620
m MAIN
t BOOK
l ON-SHELF

No items available.

© 2026 - The University of Zambia Library - Koha v25.11